[Event "Tula Suetin Memorial"]
[Site "Tula"]
[Date "2021.01.08"]
[Round "7"]
[White "Smirnov, Alexander"]
[Black "Chumachenko, Alexander"]
[Result "1-0"]
[WhiteElo "2396"]
[BlackElo "2047"]
[PlyCount "79"]
[EventDate "2021.01.03"]
[EventType "tourn"]
[EventRounds "9"]
[EventCountry "RUS"]
[EventCategory "2"]
[SourceTitle "CBM 200 Extra"]
[Source "ChessBase"]
[SourceDate "2021.03.31"]
[SourceVersion "1"]
[SourceVersionDate "2021.03.31"]
[SourceQuality "1"]

1. d4 d5 2. c4 e6 3. Nc3 Nf6 4. cxd5 exd5 5. Bg5 Be7 6. e3 c6 7. Bd3 Nbd7 8. Qc2 Nh5 9. Bxe7 Qxe7 10. 0-0-0 Nb6 11. Nf3 Be6 12. Ne5 g6 13. g4 Nf6 14. Rhg1 0-0-0 15. Kb1 Kb8 16. f4 Nc4 17. Bxc4 dxc4 18. f5 gxf5 19. gxf5 Bc8 20. Nxc4 c5 21. Ne5 Nd7 22. Nd5 Qd6 23. Nxd7+ Bxd7 24. dxc5 Qe5 25. e4 Rhe8 26. Ka1 Bxf5 27. Qb3 Bd7 28. Nc3 Be6 29. Qb4 Rc8 30. Nd5 Qxh2 31. Rc1 Rc6 32. Qd4 Rcc8 33. Rh1 Qg2 34. Qe5+ Ka8 35. Nc7+ Rxc7 36. Qxc7 Qxe4 37. Rhd1 a6 38. c6 Rb8 39. Rd8 Rxd8 40. Qxb7# 1-0

[Event "Tula Suetin Memorial"]
[Site "Tula"]
[Date "2021.01.07"]
[Round "6"]
[White "Novikov, Maxim"]
[Black "Smirnov, Alexander"]
[Result "1/2-1/2"]
[WhiteElo "2471"]
[BlackElo "2396"]
[PlyCount "26"]
[EventDate "2021.01.03"]
[EventType "tourn"]
[EventRounds "9"]
[EventCountry "RUS"]
[EventCategory "2"]
[SourceTitle "CBM 200 Extra"]
[Source "ChessBase"]
[SourceDate "2021.03.31"]
[SourceVersion "1"]
[SourceVersionDate "2021.03.31"]
[SourceQuality "1"]

1. e4 e6 2. d4 d5 3. exd5 exd5 4. Nf3 Nc6 5. Bd3 Bg4 6. c3 Bd6 7. 0-0 Nge7 8. Re1 Qd7 9. Bg5 0-0 10. Bxe7 Nxe7 11. Nbd2 Bf5 12. Qc2 Bxd3 13. Qxd3 c6 1/2-1/2

[Event "Tula Suetin Memorial"]
[Site "Tula"]
[Date "2021.01.06"]
[Round "5"]
[White "Smirnov, Alexander"]
[Black "Pogosian, Manvel"]
[Result "0-1"]
[WhiteElo "2396"]
[BlackElo "2377"]
[PlyCount "100"]
[EventDate "2021.01.03"]
[EventType "tourn"]
[EventRounds "9"]
[EventCountry "RUS"]
[EventCategory "2"]
[SourceTitle "CBM 200 Extra"]
[Source "ChessBase"]
[SourceDate "2021.03.31"]
[SourceVersion "1"]
[SourceVersionDate "2021.03.31"]
[SourceQuality "1"]

1. d4 Nf6 2. c4 e6 3. Nf3 d5 4. Nc3 Nbd7 5. cxd5 exd5 6. Bg5 Be7 7. Qc2 0-0 8. e3 c5 9. Bd3 c4 10. Bf5 g6 11. Bxd7 Qxd7 12. 0-0 Qd8 13. b3 Bf5 14. Qb2 b6 15. Ne5 Rc8 16. bxc4 dxc4 17. Rfd1 Ne4 18. Bxe7 Qxe7 19. Nxe4 Bxe4 20. Rac1 Bd5 21. e4 Bxe4 22. Re1 c3 23. Rxc3 Bd5 24. Rce3 Qg5 25. Rg3 Qf5 26. Ng4 Rfe8 27. Rxe8+ Rxe8 28. h3 Re1+ 29. Kh2 Qf4 30. Ne3 Bb7 31. d5 h5 32. Qd2 Rb1 33. d6 Bc6 34. Nc4 Qxc4 35. d7 Bxd7 36. Qxd7 Qf4 37. Qd3 Rb2 38. h4 Qxh4+ 39. Kg1 Qf6 40. Rf3 Qg5 41. Qc4 Rb1+ 42. Kh2 Qe7 43. Re3 Qd6+ 44. f4 Rb4 45. Re8+ Kg7 46. Qc3+ Qd4 47. Qe1 Qxf4+ 48. g3 Rb2+ 49. Kg1 Qd4+ 50. Kh1 Qd5+ 0-1

[Event "Tula Suetin Memorial"]
[Site "Tula"]
[Date "2019.01.09"]
[Round "9"]
[White "Garayev, Murad"]
[Black "Smirnov, Alexander"]
[Result "1/2-1/2"]
[WhiteElo "2447"]
[BlackElo "2396"]
[PlyCount "52"]
[EventDate "2019.01.03"]
[EventType "tourn"]
[EventRounds "9"]
[EventCountry "RUS"]
[EventCategory "6"]
[SourceTitle "CBM 188 Extra"]
[Source "ChessBase"]
[SourceDate "2019.02.26"]
[SourceVersion "1"]
[SourceVersionDate "2019.02.26"]
[SourceQuality "1"]

1. d4 e6 2. c4 Nf6 3. Nc3 d5 4. cxd5 exd5 5. Bg5 Be7 6. e3 c6 7. Bd3 0-0 8. Qc2 Nbd7 9. Nf3 Re8 10. 0-0 Nf8 11. h3 Ng6 12. Bxf6 Bxf6 13. b4 Be7 14. b5 Bd6 15. bxc6 bxc6 16. Rfc1 Qf6 17. Qd1 Nh4 18. Nxh4 Qxh4 19. Qf3 Re6 20. Bf5 Rf6 21. Qg4 Qxg4 22. Bxg4 Bxg4 23. hxg4 Rg6 24. Na4 Re8 25. Rab1 h6 26. Rb7 Ree6 1/2-1/2

[Event "Tula Suetin Memorial"]
[Site "Tula"]
[Date "2019.01.07"]
[Round "7"]
[White "Smirnov, Alexander"]
[Black "Sadovsky, Artem"]
[Result "0-1"]
[WhiteElo "2396"]
[BlackElo "2384"]
[PlyCount "48"]
[EventDate "2019.01.03"]
[EventType "tourn"]
[EventRounds "9"]
[EventCountry "RUS"]
[EventCategory "6"]
[SourceTitle "CBM 188 Extra"]
[Source "ChessBase"]
[SourceDate "2019.02.26"]
[SourceVersion "1"]
[SourceVersionDate "2019.02.26"]
[SourceQuality "1"]

1. e4 g6 2. d4 Bg7 3. Nc3 d6 4. Be3 a6 5. Qd2 Nd7 6. h4 h6 7. Nge2 b5 8. h5 g5 9. Ng3 e6 10. Be2 Bb7 11. 0-0 Ne7 12. Rad1 c5 13. dxc5 dxc5 14. f4 gxf4 15. Rxf4 Be5 16. Rf3 Nc6 17. Rxf7 Nd4 18. Rdf1 Bxg3 19. Bf4 Kxf7 20. Bc7+ Nf6 21. Bxd8 Raxd8 22. Qe3 Be5 23. Bd1 Nxc2 24. Qh3 Ne3 0-1

[Event "Tula Suetin Memorial"]
[Site "Tula"]
[Date "2019.01.05"]
[Round "4"]
[White "Zabotin, Alexander"]
[Black "Smirnov, Alexander"]
[Result "1-0"]
[WhiteElo "2484"]
[BlackElo "2396"]
[PlyCount "67"]
[EventDate "2019.01.03"]
[EventType "tourn"]
[EventRounds "9"]
[EventCountry "RUS"]
[EventCategory "6"]
[SourceTitle "CBM 188 Extra"]
[Source "ChessBase"]
[SourceDate "2019.02.26"]
[SourceVersion "1"]
[SourceVersionDate "2019.02.26"]
[SourceQuality "1"]

1. d4 d5 2. Nf3 e6 3. c4 Nf6 4. Nc3 c6 5. e3 Nbd7 6. Bd3 dxc4 7. Bxc4 b5 8. Bd3 Bd6 9. 0-0 Bb7 10. e4 e5 11. dxe5 Nxe5 12. Nxe5 Bxe5 13. Be3 0-0 14. h3 Re8 15. Qc2 Qe7 16. Rae1 a6 17. Ne2 Rad8 18. f4 Bxb2 19. Bc5 Qe6 20. e5 Rxd3 21. Qxd3 Nd7 22. Bd6 c5 23. Rf2 Qxa2 24. Rb1 Ba1 25. Qd1 Qa5 26. Rxa1 Qb6 27. Ng3 c4 28. Nf5 g6 29. Ne7+ Kh8 30. Bb4 Nc5 31. Qd4 Na4 32. Qxb6 Nxb6 33. Rd1 Kg7 34. f5 1-0

[Event "Donskoj"]
[Site "Donskoj"]
[Date "2018.03.14"]
[Round "10"]
[White "Garayev, Kanan Farzali Oglu"]
[Black "Smirnov, Alexander"]
[Result "1-0"]
[WhiteElo "2252"]
[BlackElo "2375"]
[PlyCount "67"]
[EventDate "2018.03.09"]
[EventType "tourn"]
[EventRounds "13"]
[EventCountry "RUS"]
[EventCategory "1"]
[SourceTitle "CBM 183 Extra"]
[Source "ChessBase"]
[SourceDate "2018.04.19"]
[SourceVersion "1"]
[SourceVersionDate "2018.04.19"]
[SourceQuality "1"]

1. d4 Nf6 2. c4 e6 3. Nf3 b6 4. g3 Ba6 5. b3 Bb4+ 6. Bd2 Be7 7. Bg2 c6 8. Bc3 d5 9. Ne5 Nfd7 10. Nxd7 Nxd7 11. 0-0 0-0 12. Nd2 Nf6 13. e4 b5 14. exd5 exd5 15. Re1 Rb8 16. c5 Bc8 17. Nf3 Ne4 18. Rxe4 dxe4 19. Ne5 Qd5 20. Qe1 f5 21. f3 Qe6 22. fxe4 fxe4 23. Qxe4 Bb7 24. Nxc6 Qxe4 25. Bxe4 Bxc6 26. Bxc6 b4 27. Bd2 Bf6 28. Be3 Rbc8 29. Bd5+ Kh8 30. Rd1 Rfe8 31. Kf2 Re7 32. Bf3 Rce8 33. Bc1 Rc8 34. c6 1-0

[Event "Donskoj"]
[Site "Donskoj"]
[Date "2018.03.14"]
[Round "9"]
[White "Smirnov, Alexander"]
[Black "Kravchenko, Alexander"]
[Result "1-0"]
[WhiteElo "2375"]
[BlackElo "1829"]
[PlyCount "123"]
[EventDate "2018.03.09"]
[EventType "tourn"]
[EventRounds "13"]
[EventCountry "RUS"]
[EventCategory "1"]
[SourceTitle "CBM 183 Extra"]
[Source "ChessBase"]
[SourceDate "2018.04.19"]
[SourceVersion "1"]
[SourceVersionDate "2018.04.19"]
[SourceQuality "1"]

1. c4 e5 2. Nc3 Nf6 3. g3 d6 4. Bg2 g6 5. Nf3 Bg7 6. d4 exd4 7. Nxd4 0-0 8. 0-0 Nbd7 9. e3 Re8 10. b3 Nc5 11. Bb2 c6 12. Qc2 a5 13. Rad1 Qb6 14. Rfe1 Ng4 15. h3 Ne5 16. f4 Ned7 17. Kh2 Nf6 18. e4 a4 19. bxa4 Qa5 20. Nb3 Qb4 21. Nxc5 Qxc5 22. Qd3 Qb4 23. Rd2 Nd7 24. Rc1 Nb6 25. Nd1 Bxb2 26. Nxb2 Nxa4 27. a3 Qb6 28. Nxa4 Rxa4 29. Qxd6 Qe3 30. Qd3 Qc5 31. Rc3 Be6 32. Qd4 Qa5 33. Rf2 Rd8 34. Qf6 Bxc4 35. f5 Rd7 36. fxg6 hxg6 37. Rf4 Qd8 38. e5 Qxf6 39. exf6 Bb5 40. Rf2 Rad4 41. g4 Rd3 42. Rf3 Kf8 43. g5 Ke8 44. Kg3 Kd8 45. h4 Kc7 46. Bh3 R7d4 47. Rcxd3 Bxd3 48. Be6 fxe6 49. f7 Rd8 50. f8Q Rxf8 51. Rxf8 b5 52. Kf4 c5 53. Ke3 Bc2 54. Rf2 Bd1 55. Rf6 Bc2 56. Kd2 Bb1 57. h5 gxh5 58. g6 e5 59. Rf7+ Kd6 60. g7 Bh7 61. Rf8 Ke7 62. Rh8 1-0

[Event "Donskoj"]
[Site "Donskoj"]
[Date "2018.03.13"]
[Round "8"]
[White "Sosulin, Eduard"]
[Black "Smirnov, Alexander"]
[Result "0-1"]
[WhiteElo "2389"]
[BlackElo "2375"]
[PlyCount "90"]
[EventDate "2018.03.09"]
[EventType "tourn"]
[EventRounds "13"]
[EventCountry "RUS"]
[EventCategory "1"]
[SourceTitle "CBM 183 Extra"]
[Source "ChessBase"]
[SourceDate "2018.04.19"]
[SourceVersion "1"]
[SourceVersionDate "2018.04.19"]
[SourceQuality "1"]

1. e4 c5 2. Nf3 a6 3. d4 cxd4 4. c3 dxc3 5. Nxc3 e6 6. Bc4 b5 7. Bb3 Bb7 8. Qe2 Bc5 9. 0-0 Ne7 10. e5 Nf5 11. Ne4 Bxe4 12. Qxe4 Nc6 13. Bg5 Qb6 14. Bc2 h6 15. Bd2 Nfd4 16. Bd3 Nxf3+ 17. gxf3 Bd4 18. Be3 Bxe3 19. fxe3 Rd8 20. Rad1 Ne7 21. Bc2 Nf5 22. Rfe1 d5 23. exd6 Nxd6 24. Qg4 0-0 25. Kh1 Nf5 26. Rxd8 Qxd8 27. Rg1 Qf6 28. Bxf5 exf5 29. Qf4 Rc8 30. a4 Rc2 31. axb5 axb5 32. Qb8+ Kh7 33. Qxb5 Rxb2 34. Qd5 Re2 35. Qd3 Rf2 36. Rf1 Rb2 37. Rg1 g6 38. Rg2 Rb6 39. e4 Rd6 40. Qc2 Rc6 41. Qe2 Re6 42. Rg1 Qh4 43. Re1 fxe4 44. fxe4 Re5 45. Qe3 f5 0-1

[Event "Donskoj"]
[Site "Donskoj"]
[Date "2018.03.12"]
[Round "7"]
[White "Smirnov, Alexander"]
[Black "Brikov, Illarion"]
[Result "1-0"]
[WhiteElo "2375"]
[BlackElo "2394"]
[PlyCount "113"]
[EventDate "2018.03.09"]
[EventType "tourn"]
[EventRounds "13"]
[EventCountry "RUS"]
[EventCategory "1"]
[SourceTitle "CBM 183 Extra"]
[Source "ChessBase"]
[SourceDate "2018.04.19"]
[SourceVersion "1"]
[SourceVersionDate "2018.04.19"]
[SourceQuality "1"]

1. e4 c5 2. Nf3 d6 3. d4 cxd4 4. Nxd4 Nf6 5. Nc3 e6 6. g3 Be7 7. Bg2 a6 8. 0-0 Qc7 9. Be3 Nc6 10. Qe2 Nxd4 11. Bxd4 0-0 12. e5 Nd7 13. exd6 Bxd6 14. Rad1 Ne5 15. Na4 Nc6 16. Bb6 Qb8 17. Be3 Qc7 18. Bb6 Qb8 19. Be3 Qc7 20. Nb6 Rb8 21. Nc4 Bb4 22. a3 Na5 23. Nxa5 Bxa5 24. b4 Bb6 25. Bf4 e5 26. Qxe5 Qxe5 27. Bxe5 Ra8 28. c4 Bg4 29. Rd2 Rfe8 30. Bd6 Ra7 31. h3 Be6 32. c5 Bd8 33. Rfd1 Bf6 34. Bc7 Bc8 35. Bb6 Ra8 36. c6 bxc6 37. Bxc6 Bxh3 38. Bxa8 Rxa8 39. Bd4 Be7 40. Bc5 Bf6 41. a4 Bg4 42. Rc1 h5 43. b5 axb5 44. axb5 Bf3 45. Rd3 Be4 46. Re3 Bb7 47. Ra3 Re8 48. Ra7 Bf3 49. b6 Rb8 50. Rb1 Be5 51. Re7 f6 52. Rb3 Bd5 53. Rd3 Bc6 54. f4 Ba1 55. Rd6 Ba8 56. Rdd7 f5 57. b7 1-0

[Event "Tula Poletov Memorial"]
[Site "Tula"]
[Date "2018.02.13"]
[Round "7"]
[White "Lingur, Zalina"]
[Black "Smirnov, Alexander"]
[Result "0-1"]
[WhiteElo "2139"]
[BlackElo "2393"]
[PlyCount "96"]
[EventDate "2018.02.09"]
[EventType "tourn"]
[EventRounds "9"]
[EventCountry "RUS"]
[EventCategory "3"]
[SourceTitle "CBM 182 Extra"]
[Source "ChessBase"]
[SourceDate "2018.02.23"]
[SourceVersion "1"]
[SourceVersionDate "2018.02.23"]
[SourceQuality "1"]

1. e4 Nf6 2. e5 Nd5 3. c4 Nb6 4. d4 d6 5. exd6 exd6 6. Nc3 Be7 7. Be3 0-0 8. b3 Bg5 9. Nf3 Bxe3 10. fxe3 Re8 11. Qd2 Qe7 12. Kf2 N8d7 13. Bd3 Nf6 14. Rae1 Bg4 15. Rhf1 Bxf3 16. gxf3 Nbd7 17. Rg1 c5 18. Bf5 Rad8 19. Re2 g6 20. Bh3 Nb6 21. d5 Nh5 22. Bg4 Nd7 23. Kf1 Nhf6 24. Bh3 Ne5 25. Rf2 Nh5 26. e4 Qh4 27. Bg4 Nf6 28. h3 Kg7 29. Bf5 Nh5 30. Qg5 Qxg5 31. Rxg5 Kh6 32. Rxh5+ Kxh5 33. Bg4+ Kh4 34. f4 Nxg4 35. hxg4 Kxg4 36. e5 dxe5 37. Ne4 exf4 38. Nxc5 b5 39. Nd3 f3 40. Rd2 Kg3 41. Nf2 bxc4 42. bxc4 Rb8 43. d6 Rb1+ 44. Rd1 Reb8 45. Ne4+ Kf4 46. Nc3 Rxd1+ 47. Nxd1 Rb1 48. Ke1 f2+ 0-1

[Event "Tula Poletov Memorial"]
[Site "Tula"]
[Date "2018.02.12"]
[Round "5"]
[White "Chumachenko, Alexander"]
[Black "Smirnov, Alexander"]
[Result "0-1"]
[WhiteElo "2082"]
[BlackElo "2393"]
[PlyCount "84"]
[EventDate "2018.02.09"]
[EventType "tourn"]
[EventRounds "9"]
[EventCountry "RUS"]
[EventCategory "3"]
[SourceTitle "CBM 182 Extra"]
[Source "ChessBase"]
[SourceDate "2018.02.23"]
[SourceVersion "1"]
[SourceVersionDate "2018.02.23"]
[SourceQuality "1"]

1. d4 d5 2. c4 e5 3. dxe5 d4 4. Nf3 Nc6 5. a3 Bg4 6. Nbd2 f6 7. e6 Bxe6 8. Nb3 Qe7 9. Qd3 0-0-0 10. Bf4 g5 11. Bd2 g4 12. Nh4 Qd7 13. Bf4 Ne5 14. Bxe5 fxe5 15. g3 Nf6 16. e4 Qc6 17. Na5 Qxe4+ 18. Qxe4 Nxe4 19. Bg2 Nc5 20. b4 b6 21. Nc6 Nd3+ 22. Kd2 Bxc4 23. Be4 Bh6+ 24. Kc2 Rdf8 25. Nf5 Nxf2 26. Nxa7+ Kd7 27. Bc6+ Ke6 28. Nxh6 Rf6 29. Rhe1 Rxh6 30. Nb5 Bxb5 31. Bxb5 e4 32. Kb3 Rxh2 33. Rac1 Rg2 34. Rxc7 Rxg3+ 35. Ka2 d3 36. Rec1 d2 37. R1c6+ Ke5 38. Re7+ Kf4 39. Rf7+ Ke3 40. Rc3+ Nd3 41. Ba4 Rg1 42. Rf6 g3 0-1

[Event "Tula Suetin Memorial"]
[Site "Tula"]
[Date "2018.01.09"]
[Round "9"]
[White "Bykov, Oleg1111"]
[Black "Smirnov, Alexander"]
[Result "1-0"]
[WhiteElo "2327"]
[BlackElo "2408"]
[PlyCount "65"]
[EventDate "2018.01.03"]
[EventType "tourn"]
[EventRounds "9"]
[EventCountry "RUS"]
[SourceTitle "CBM 182 Extra"]
[Source "ChessBase"]
[SourceDate "2018.02.23"]
[SourceVersion "1"]
[SourceVersionDate "2018.02.23"]
[SourceQuality "1"]

1. Nf3 d5 2. d4 c6 3. c4 e6 4. e3 Nf6 5. Bd3 Nbd7 6. 0-0 dxc4 7. Bxc4 Bd6 8. Nc3 0-0 9. e4 e5 10. Bg5 h6 11. Bh4 Qc7 12. Bb3 exd4 13. Qxd4 Ng4 14. h3 Nh2 15. Nxh2 Bxh2+ 16. Kh1 Be5 17. Qe3 Bf4 18. Qf3 Nc5 19. Bc2 Be5 20. Ne2 Bxb2 21. Rab1 Be5 22. Qe3 b6 23. f4 Bd6 24. Nd4 Re8 25. e5 Bf8 26. Rbe1 Ba6 27. Rf3 Bc4 28. Rg3 Kh8 29. Nf5 Re6 30. Nd4 Ree8 31. Qf3 Qd7 32. Qh5 Ne6 33. Bf6 1-0

[Event "Tula Suetin Memorial"]
[Site "Tula"]
[Date "2018.01.08"]
[Round "8"]
[White "Smirnov, Alexander"]
[Black "Gusev, Aleksey"]
[Result "1/2-1/2"]
[WhiteElo "2408"]
[BlackElo "2401"]
[PlyCount "28"]
[EventDate "2018.01.03"]
[EventType "tourn"]
[EventRounds "9"]
[EventCountry "RUS"]
[SourceTitle "CBM 182 Extra"]
[Source "ChessBase"]
[SourceDate "2018.02.23"]
[SourceVersion "1"]
[SourceVersionDate "2018.02.23"]
[SourceQuality "1"]

1. d4 Nf6 2. Nf3 g6 3. Bf4 Bg7 4. e3 0-0 5. Be2 d6 6. 0-0 Nbd7 7. c4 c5 8. Nc3 Nh5 9. Bg5 h6 10. Bh4 g5 11. Ne1 gxh4 12. Bxh5 cxd4 13. exd4 e5 14. dxe5 Nxe5 1/2-1/2

[Event "Tula Suetin Memorial"]
[Site "Tula"]
[Date "2018.01.06"]
[Round "5"]
[White "Karpov, Alexander"]
[Black "Smirnov, Alexander"]
[Result "0-1"]
[WhiteElo "2216"]
[BlackElo "2408"]
[PlyCount "106"]
[EventDate "2018.01.03"]
[EventType "tourn"]
[EventRounds "9"]
[EventCountry "RUS"]
[SourceTitle "CBM 182 Extra"]
[Source "ChessBase"]
[SourceDate "2018.02.23"]
[SourceVersion "1"]
[SourceVersionDate "2018.02.23"]
[SourceQuality "1"]

1. e4 e6 2. d4 d5 3. e5 c5 4. c3 Nc6 5. Nf3 Qb6 6. dxc5 Bxc5 7. Qc2 Bd7 8. Bd3 Qc7 9. Bf4 Nge7 10. Bg3 Ng6 11. Qe2 a6 12. Nbd2 Ba7 13. 0-0 Rc8 14. Rfe1 0-0 15. b4 d4 16. Ne4 dxc3 17. Nd6 Nxb4 18. Be4 Rcd8 19. h4 Bb5 20. Nxb5 axb5 21. Qxb5 Qc5 22. Qxc5 Bxc5 23. Rec1 Nd5 24. Bxd5 Rxd5 25. Rxc3 Ne7 26. Rac1 b6 27. a4 Ra8 28. Rc4 Rd3 29. Ra1 Nc6 30. Bf4 Rad8 31. Be3 Na5 32. Re4 Nb3 33. Rb1 Rd1+ 34. Rxd1 Rxd1+ 35. Kh2 Ra1 36. Rc4 h6 37. Bxc5 Nxc5 38. Rb4 Nxa4 39. Nd4 Ra2 40. f4 Nc3 41. Rxb6 Ra4 42. Rb8+ Kh7 43. Rd8 Nd5 44. Nf3 Rxf4 45. Kg3 Kg6 46. Rg8 h5 47. Rd8 Ra4 48. Rd7 Ne3 49. Ng5 Nf5+ 50. Kf2 Nxh4 51. Nxf7 Rf4+ 52. Kg3 Rxf7 53. Rxf7 Nf5+ 0-1

[Event "Voronezh op-A 21st"]
[Site "Voronezh"]
[Date "2017.06.13"]
[Round "2"]
[White "Smirnov, Alexander"]
[Black "Klimentov, Evgeny"]
[Result "0-1"]
[WhiteElo "2423"]
[BlackElo "2259"]
[PlyCount "110"]
[EventDate "2017.06.12"]
[EventType "swiss"]
[EventRounds "9"]
[EventCountry "RUS"]
[SourceTitle "EXT 2018"]
[Source "ChessBase"]
[SourceDate "2017.10.13"]
[SourceVersion "1"]
[SourceVersionDate "2017.10.13"]
[SourceQuality "1"]

1. d4 Nf6 2. Nf3 g6 3. c3 Bg7 4. e3 0-0 5. Bd3 d5 6. 0-0 Nbd7 7. Nbd2 b6 8. a4 Bb7 9. a5 c5 10. a6 Bc6 11. b4 c4 12. Bc2 Rc8 13. Qe2 Bb5 14. e4 dxe4 15. Nxe4 Nd5 16. Ra3 Qc7 17. Neg5 Qd6 18. Re1 h6 19. Ne4 Qc7 20. Ng3 Nb8 21. Qe4 Qd6 22. Qh4 Qf6 23. Qe4 Qd6 24. Ne5 f5 25. Qf3 Rf6 26. Nxg6 Rxg6 27. Qxf5 Rc6 28. Be4 Nxc3 29. Qxg6 Qxg6 30. Bxg6 Rxg6 31. Rxc3 Bxd4 32. Ra3 Nc6 33. Nf5 e5 34. Nxh6+ Kh7 35. Nf5 c3 36. Re4 Bd3 37. Rh4+ Kg8 38. b5 Bxf5 39. bxc6 Rxc6 40. Rh6 Rc8 41. g4 Be4 42. Rd6 Rf8 43. Be3 c2 44. Rxd4 exd4 45. Bc1 b5 46. Rb3 Bd5 47. Rxb5 Re8 48. Rxd5 Re1+ 49. Kg2 Rxc1 50. Rxd4 Rg1+ 51. Kxg1 c1Q+ 52. Kg2 Qc6+ 53. f3 Qxa6 54. Kg3 Qb6 55. Rd5 a5 0-1

[Event "Efremov Pechenov Memorial"]
[Site "Efremov"]
[Date "2017.04.28"]
[Round "12"]
[White "Gusev, Aleksey"]
[Black "Smirnov, Alexander"]
[Result "0-1"]
[WhiteElo "2400"]
[BlackElo "2396"]
[PlyCount "64"]
[EventDate "2017.04.22"]
[EventType "tourn"]
[EventRounds "13"]
[EventCountry "RUS"]
[EventCategory "2"]
[SourceTitle "CBM 178 Extra"]
[Source "ChessBase"]
[SourceDate "2017.06.22"]
[SourceVersion "1"]
[SourceVersionDate "2017.06.22"]
[SourceQuality "1"]

1. c4 e6 2. d4 d5 3. Nc3 Nf6 4. Nf3 Be7 5. Bf4 0-0 6. e3 b6 7. Rc1 Bb7 8. cxd5 Nxd5 9. Nxd5 Qxd5 10. Rxc7 Bb4+ 11. Nd2 Na6 12. Rxb7 Qxb7 13. a3 Bxd2+ 14. Qxd2 Rac8 15. f3 Rfd8 16. Kf2 Nc5 17. Qb4 Nd7 18. Bd3 e5 19. dxe5 Nc5 20. Be2 Nd3+ 21. Bxd3 Rxd3 22. Re1 Rc2+ 23. Re2 Qc7 24. Rxc2 Qxc2+ 25. Kg3 Rd2 26. Qe7 Qg6+ 27. Kh4 h6 28. g4 Qe6 29. Qxe6 fxe6 30. g5 hxg5+ 31. Bxg5 Rxb2 32. Be7 a5 0-1

[Event "Efremov Pechenov Memorial"]
[Site "Efremov"]
[Date "2017.04.23"]
[Round "2"]
[White "Smirnov, Alexander"]
[Black "Biriukov, Alexander"]
[Result "1-0"]
[WhiteElo "2396"]
[BlackElo "2218"]
[PlyCount "33"]
[EventDate "2017.04.22"]
[EventType "tourn"]
[EventRounds "13"]
[EventCountry "RUS"]
[EventCategory "2"]
[SourceTitle "CBM 178 Extra"]
[Source "ChessBase"]
[SourceDate "2017.06.22"]
[SourceVersion "1"]
[SourceVersionDate "2017.06.22"]
[SourceQuality "1"]

1. e4 c5 2. f4 d5 3. exd5 Qxd5 4. Nc3 Qd8 5. Nf3 Nf6 6. Ne5 Nbd7 7. Bc4 e6 8. Qe2 Nxe5 9. fxe5 Nd5 10. 0-0 Nxc3 11. dxc3 Be7 12. Bb5+ Kf8 13. Bh6 gxh6 14. Qh5 f5 15. exf6 Bxf6 16. Qxh6+ Kf7 17. Rf3 1-0

[Event "Efremov Pechenov Memorial"]
[Site "Efremov"]
[Date "2017.04.22"]
[Round "1"]
[White "Moiseenko, Vladimir"]
[Black "Smirnov, Alexander"]
[Result "0-1"]
[WhiteElo "2243"]
[BlackElo "2396"]
[PlyCount "58"]
[EventDate "2017.04.22"]
[EventType "tourn"]
[EventRounds "13"]
[EventCountry "RUS"]
[EventCategory "2"]
[SourceTitle "CBM 178 Extra"]
[Source "ChessBase"]
[SourceDate "2017.06.22"]
[SourceVersion "1"]
[SourceVersionDate "2017.06.22"]
[SourceQuality "1"]

1. g3 d5 2. Bg2 e5 3. d3 Nc6 4. Nd2 Bg4 5. h3 Bh5 6. Ngf3 f5 7. 0-0 e4 8. Nh2 Bd6 9. Nb3 Qd7 10. d4 0-0-0 11. a3 Nf6 12. Nc5 Qe7 13. b4 Nxd4 14. Re1 Nb5 15. Bf4 Bxc5 16. bxc5 Qxc5 17. a4 Nc3 18. Qd2 d4 19. f3 Nfd5 20. fxe4 fxe4 21. e3 Nxf4 22. gxf4 g5 23. f5 Rhf8 24. Ng4 Rxf5 25. Kh1 Bxg4 26. hxg4 Rf6 27. a5 Qe5 28. Kg1 Rh6 29. Bh1 dxe3 0-1

[Event "Tula Suetin Memorial"]
[Site "Tula"]
[Date "2017.01.04"]
[Round "3"]
[White "Moiseenko, Vladimir"]
[Black "Smirnov, Alexander"]
[Result "1/2-1/2"]
[WhiteElo "2327"]
[BlackElo "2393"]
[PlyCount "78"]
[EventDate "2017.01.03"]
[EventType "tourn"]
[EventRounds "9"]
[EventCountry "RUS"]
[EventCategory "7"]
[SourceTitle "CBM 176 Extra"]
[Source "ChessBase"]
[SourceDate "2017.03.02"]
[SourceVersion "1"]
[SourceVersionDate "2017.03.02"]
[SourceQuality "1"]

1. e4 e6 2. d4 d5 3. Nd2 c5 4. exd5 exd5 5. Bb5+ Nc6 6. Qe2+ Be7 7. dxc5 Nf6 8. Ngf3 0-0 9. 0-0 Bxc5 10. Nb3 Bb6 11. Bg5 h6 12. Bh4 g5 13. Bg3 Ne4 14. c4 Re8 15. Qd3 Bf5 16. Qxd5 Nxg3 17. hxg3 Qf6 18. c5 Rad8 19. Bxc6 Rxd5 20. Bxd5 Bxc5 21. Nxc5 Qd6 22. Bxb7 Qxc5 23. b3 Re2 24. Ba6 Rc2 25. Bc4 Kg7 26. Rac1 Rxc1 27. Rxc1 g4 28. Nh2 Qa3 29. Re1 Qxa2 30. Nf1 a5 31. Re7 Be6 32. Bxe6 Kf6 33. b4 Qb1 34. Ra7 fxe6 35. bxa5 Qa1 36. Ra8 Kg7 37. a6 h5 38. Ra7+ Kh6 39. Ra8 Kh7 1/2-1/2

[Event "Tula Rjazanov Memorial"]
[Site "Tula"]
[Date "2016.02.11"]
[Round "6"]
[White "Pogosyan, Georgiy"]
[Black "Smirnov, Alexander"]
[Result "1-0"]
[WhiteElo "2378"]
[BlackElo "2280"]
[PlyCount "105"]
[EventDate "2016.02.05"]
[EventType "swiss"]
[EventRounds "9"]
[EventCountry "RUS"]
[SourceTitle "CBM 171 Extra"]
[Source "ChessBase"]
[SourceDate "2016.04.26"]
[SourceVersion "1"]
[SourceVersionDate "2016.04.26"]
[SourceQuality "1"]

1. d4 Nf6 2. c4 e6 3. Nc3 d5 4. cxd5 exd5 5. Bg5 Be7 6. e3 0-0 7. Bd3 c6 8. Nge2 Nbd7 9. Qc2 Re8 10. 0-0-0 Nf8 11. h3 a5 12. g4 b5 13. Kb1 a4 14. Ng3 Qa5 15. Nce2 b4 16. Qxc6 Bd7 17. Qc1 Ne6 18. Bxf6 Bxf6 19. Qd2 Rac8 20. h4 a3 21. b3 Bb5 22. Nf5 Bxd3+ 23. Qxd3 Rc6 24. Rc1 Rec8 25. Rxc6 Rxc6 26. Rc1 Rxc1+ 27. Nxc1 Qc7 28. g5 Bd8 29. Qb5 g6 30. Qe8+ Nf8 31. Nh6+ Kg7 32. Ng4 Ne6 33. Ne5 Qb7 34. Ncd3 Qe7 35. Qxe7 Bxe7 36. Nc6 Bd6 37. Ncxb4 Nc7 38. Kc2 f6 39. f4 fxg5 40. hxg5 h6 41. gxh6+ Kxh6 42. Nc6 g5 43. fxg5+ Kxg5 44. b4 Kg4 45. Na7 Kf3 46. Kd2 Bh2 47. b5 Bg1 48. b6 Bxe3+ 49. Kc3 Na6 50. Nc6 Ke4 51. b7 Bf4 52. Nxf4 Kxf4 53. b8Q+ 1-0